| 000 -LEADER |
| fixed length control field |
00606pam a2200181 a 4500 |
| 020 ## - INTERNATIONAL STANDARD BOOK NUMBER |
| ISBN |
0819190616 (cloth : alk. paper) |
| 020 ## - INTERNATIONAL STANDARD BOOK NUMBER |
| ISBN |
0819190624 (pbk. : alk. paper) |
| 040 ## - CATALOGING SOURCE |
| Transcribing agency |
DLC |
| 082 00 - DEWEY DECIMAL CLASSIFICATION NUMBER |
| Classification number |
330 UNI 1993 A020 Or. |
| 100 1# - MAIN ENTRY--AUTHOR NAME |
| Personal name |
Sakakibara, Eisuke. |
| 245 10 - TITLE STATEMENT |
| Title |
Beyond capitalism : |
| Remainder of title |
the Japanese model of market economics / |
| 260 ## - PUBLICATION, DISTRIBUTION, ETC. (IMPRINT) |
| Place of publication |
Lanham, MD : |
| Name of publisher |
University Press of America, |
| Year of publication |
1993. |
| 300 ## - PHYSICAL DESCRIPTION |
| Number of Pages |
xxi, 162 p. : |
| Other physical details |
ill. ; |
| Dimensions |
24 cm. |
| 500 ## - GENERAL NOTE |
| General note |
"Co-published by arrangement with the Economic Strategy Institute"--T.p. verso. |
| 650 #0 - SUBJECT ADDED ENTRY--TOPICAL TERM |
| Topical Term |
Capitalism |
| 650 #0 - SUBJECT ADDED ENTRY--TOPICAL TERM |
| Topical Term |
Mixed economy |
| 942 ## - ADDED ENTRY ELEMENTS (KOHA) |
| Koha item type |
សៀវភៅភាសាអង់គ្លេស |
| 952 ## - LOCATION AND ITEM INFORMATION (KOHA) |
| Withdrawn status [LOCAL, KOHA] |
0 |